| 000 | 02050nam a2200385 a 4500 | ||
|---|---|---|---|
| 001 | 000030431 | ||
| 003 | DO-SdBNP | ||
| 005 | 20180213133330.0 | ||
| 007 | 000030431 | ||
| 008 | 110517s2011 dr ac 001 0 spa d | ||
| 020 | _a9789945164138 | ||
| 040 |
_aBPMSU _bspa _cBPMSU |
||
| 092 |
_a338.474 _bS715p |
||
| 100 | 1 | _aSosa, José Rafael | |
| 245 | 1 | 0 |
_aParqueo nuestro de cada día / _cJosé Rafael Sosa ; colaboradores Omar Rancier, Marcos Barinas, José Emilio Brea García, Leyda Brea y Lorenzo Gómez Martín. |
| 260 |
_aSanto Domingo : _bAlas, _c2011. |
||
| 300 |
_a127 p. _ail., retrs. ; _c22 cm. |
||
| 505 | 0 |
_tOración del buen parqueo -- _tIntroito: Cuando me estaciono -- _tPrevio a todo -- _tPrólogo: ¿Estacionar o parquear? / _rJosé Emilio Brea García -- _tGetting there is half the fun / _rMarcos Barinas -- _tEstacionemos / _rOmar Rancier -- _tViolencia psicológica y urbana: la lucha por el parqueo adopta formas, a veces, absurda -- _tLos parqueos privados: los mejores, los peores -- _t15 tipos de parquedores: ¿Son un mal necesario? -- _tTestimonios: Cuando el parqueo es una pesadilla -- _t"No somos responsables":¿Si o no son responsables...? -- _tPara aprender a estacionar: Decálogo para aprender a parquear -- _tLa inspiración al conducir -- _gDocumentos anexos: _tLa ideología social del automóvil -- _tUna solución legislativa. |
|
| 650 | 4 | _aSERVICIOS DE PARQUEO | |
| 650 | 4 | _aESTACIONAMIENTO DE AUTOMÓVILES | |
| 650 | 4 | _aPARQUEADEROS | |
| 700 | 1 |
_aRancier, Omar, _ecol. |
|
| 700 | 1 |
_aBarinas, Marcos, _ecol. |
|
| 700 | 1 |
_aBrea García, José Emilio, _ecol. |
|
| 700 | 1 |
_aBrea, Leyda, _ecol. |
|
| 700 | 1 |
_aGómez Marín, Lorenzo, _ecol. |
|
| 910 | _aValidado. Control de calidad EMS | ||
| 930 | 1 |
_lBND01 _mLF1 _h338.474 _820110517 _f04 _pHD _g24932 _he. 3 |
|
| 942 |
_2ddc _cBK |
||
| 945 | _aInventariado, 2018/ YL | ||
| 956 |
_aARIVERA _b10 _c20110523 _lBND01 _h1016 |
||
| 956 |
_aBTAVAREZ _b10 _c20120417 _lBND01 _h1424 |
||
| 956 |
_aEMARRERO _b40 _c20120502 _lBND01 _h0057 |
||
| 956 |
_aVMATEO _b10 _c201500811 _lBPMSU _h00151 |
||
| 999 |
_c8163 _d8163 |
||